| 000 -LEADER |
| fixed length control field |
00648nam a2200217 4500 |
| 001 - CONTROL NUMBER |
| control field |
012206953 |
| 003 - CONTROL NUMBER IDENTIFIER |
| control field |
UkOxU |
| 005 - DATE AND TIME OF LATEST TRANSACTION |
| control field |
20230327112703.0 |
| 008 - FIXED-LENGTH DATA ELEMENTS--GENERAL INFORMATION |
| fixed length control field |
970224r19951994enka j 000 1 eng d |
| 020 ## - INTERNATIONAL STANDARD BOOK NUMBER |
| International Standard Book Number |
9780440867609 |
| 040 ## - CATALOGING SOURCE |
| Transcribing agency |
/ |
| Modifying agency |
KH8 |
| 082 ## - DEWEY DECIMAL CLASSIFICATION NUMBER |
| Classification number |
823.914 WIL |
| Edition number |
20 |
| 100 1# - MAIN ENTRY--PERSONAL NAME |
| Personal name |
Wilson, Jacqueline. |
| Relator term |
author |
| 245 14 - TITLE STATEMENT |
| Title |
The bed and breakfast star / |
| Statement of responsibility, etc. |
Jacqueline Wilson ; illustrated by Nick Sharratt |
| 260 ## - PUBLICATION, DISTRIBUTION, ETC. |
| Place of publication, distribution, etc. |
London : |
| Name of publisher, distributor, etc. |
Yearling, |
| Date of publication, distribution, etc. |
1995 |
| 300 ## - PHYSICAL DESCRIPTION |
| Extent |
207 p. : |
| Other physical details |
ill. ; |
| Dimensions |
20 cm |
| 500 ## - GENERAL NOTE |
| General note |
Originally published: London : Doubleday, 1994 |
| 650 ## - SUBJECT ADDED ENTRY--TOPICAL TERM |
| Topical term or geographic name entry element |
Children's story |
| 700 1# - ADDED ENTRY--PERSONAL NAME |
| Personal name |
Sharratt, Nick. |
| Relator term |
illustrator |
| 942 ## - ADDED ENTRY ELEMENTS (KOHA) |
| Source of classification or shelving scheme |
|
| Koha item type |
Books - Non Ficton |